ឆ្នាំថ្មី ដ៏ពិសេស / (Record no. 1345)

MARC details
000 -LEADER
fixed length control field 01956nam a22002897a 4500
005 - DATE AND TIME OF LATEST TRANSACTION
control field 20230818131012.0
020 ## - INTERNATIONAL STANDARD BOOK NUMBER
International Standard Book Number 9789924340379
040 ## - CATALOGING SOURCE
Original cataloging agency FISKH
Language of cataloging eng
Transcribing agency FISKH
Modifying agency FISKH
082 ## - DEWEY DECIMAL CLASSIFICATION NUMBER
Classification number 394.2614
100 ## - MAIN ENTRY--PERSONAL NAME
Personal name Sivngim, Ngoun
245 ## - TITLE STATEMENT
Title ឆ្នាំថ្មី ដ៏ពិសេស /
Statement of responsibility, etc. និពន្ធដោយ ងួន ស៊ីវងីម - គូររូបដោយ សេង វិសាល
250 ## - EDITION STATEMENT
Edition statement បោះពុម្ពលើកទី ខែមករា ឆ្នាំ ២០២២
260 ## - PUBLICATION, DISTRIBUTION, ETC.
Place of publication, distribution, etc. Phnom Penh :
Name of publisher, distributor, etc. Sipar,
Date of publication, distribution, etc. 2022.
300 ## - PHYSICAL DESCRIPTION
Extent 40 pages :
Other physical details color illustrations
Dimensions 24 cm
490 ## - SERIES STATEMENT
Series statement ខ្ញុំចង់អាន
505 ## - FORMATTED CONTENTS NOTE
Formatted contents note P <br/>
520 ## - SUMMARY, ETC.
Summary, etc. ឆ្នាំថ្មីបានមកដល់ មុំបានទៅលេងផ្ទះយាយតា​នៅឯស្រុក ហើយបានជួបរឿងល្អ និងរឿងមិនល្អជាច្រើន ដូចជាបានលង់ទឹក ត្រូវឆ្កែដេញខាំ ទៅពូនភ្នំខ្សាច់ជាមួយប្អូនៗនៅឯវត្ត ព្រមទាំងបានលេងល្បែងប្រជាប្រិយទៀតផង។
520 ## - SUMMARY, ETC.
Summary, etc. New Year has come, Mom has visited her grandparents' house in the district and met many good and bad things, such as drowning, being chased by dogs, going to the sand dunes with her cousins at the pagoda and also playing Khmer traditional games.
521 ## - TARGET AUDIENCE NOTE
Target audience note 650<br/>
Source Lexile estimate<br/>
521 ## - TARGET AUDIENCE NOTE
Target audience note P <br/>
Source Raz-Plus <br/>
650 ## - SUBJECT ADDED ENTRY--TOPICAL TERM
Topical term or geographic name entry element ចូលឆ្នាំខ្មែរ
Form subdivision ល្បែងប្រជាប្រិយ
General subdivision ត្រូវបានដេញ
Chronological subdivision លង់ទឹក
650 ## - SUBJECT ADDED ENTRY--TOPICAL TERM
Topical term or geographic name entry element Khmer New year
Form subdivision Khmer traditional game
General subdivision Being chase
Chronological subdivision Drowning
700 ## - ADDED ENTRY--PERSONAL NAME
Personal name Visal, Seng
Titles and other words associated with a name illustrator
942 ## - ADDED ENTRY ELEMENTS (KOHA)
Source of classification or shelving scheme Dewey Decimal Classification
Koha item type Books
Suppress in OPAC No
999 ## -
-- 1345
-- 1345
Holdings
Withdrawn status Lost status Source of classification or shelving scheme Damaged status Not for loan Collection Home library Current library Shelving location Date acquired Total Checkouts Full call number Barcode Date last seen Copy number Price effective from Koha item type
    Dewey Decimal Classification     Khmer Language Books / សៀវភៅភាសាខ្មែរ Footprints International School Library Network Toul Kork Campus Footprints International School Library Network Toul Kork Campus TK Campus, Room B402, Khmer Book Case 16, Shelves 112-123 / ទូរសៀវភៅខ្មែរលេខ ១៦​ ធ្នើរ ១១២ ដល់ ១២៣ បន្ទប់ B402 សាខាទួលគោក 08/18/2023   SIV 394.2614 2023-0291 08/18/2023 1 08/18/2023 Books
    Dewey Decimal Classification     Khmer Language Books / សៀវភៅភាសាខ្មែរ Footprints International School Library Network Toul Kork Campus Footprints International School Library Network Toul Kork Campus TK Campus, Room B402, Khmer Book Case 16, Shelves 112-123 / ទូរសៀវភៅខ្មែរលេខ ១៦​ ធ្នើរ ១១២ ដល់ ១២៣ បន្ទប់ B402 សាខាទួលគោក 08/18/2023   SIV 394.2614 2023-0292 08/18/2023 2 08/18/2023 Books